000 01859nam a2200289 i 4500
001 172959
003 ES-MaACL
005 20260209120837.0
008 090921s1905 sp |||| | spa d
080 _a821.134.2.09
100 1 _aValera, Juan,
_d1824-1905
_eaut
_9112638
245 1 0 _aDiscursos académicos /
_cJuan Valera.
260 _aMadrid :
_b[s.n.,
_c1905]
_fImp. Alemana)
300 _a2 volúmenes (337 ; 352 páginas) ;
_c17 cm.
490 1 _aObras completas ;
_v1-2
505 0 _aI. La poesía popular como ejemplo del punto en que deberían coincidir la idea vulgar y la idea académica sobre la lengua castellana; Sobre el Quijote y sobre las diferentes maneras de comentarle y juzgarle; La libertad en el arte; Sobre la ciencia del lenguaje; Las Cantigas del Rey Sabio; Del influjo de la Inquisición y del fanatismo religioso en la decadencia de la literatura española; Elogio de Santa Teresa - II. Del misticismo en la poesía española; Sobre el Diccionario de la Real Academia Española; El periodismo en la literatura; Renacimiento de la poesía lírica española; La novela en España; La labor literaria de D. José Ortega Munilla; Elogio del Excmo. Sr. D. Gaspar Núñez de Arce; Elogio del Excmo. Sr. D. Antonio Cánovas del Castillo; Consideraciones sobre el Quijote
530 _aDisponible en formato digital
650 4 _aLiteratura española-
_xHistoria y crítica
_914560
655 4 _2tgfbne
_9234367
_aDiscursos académicos
830 1 _aObras completas ;
_v1-2
_9176447
852 _aES-MaACL
_cSPAL
_jC-3518
_p2 t. en 1 v.
852 1 _aES-MaACL
_cSPB
_hDonativo Serrat
_jB-2846-47
856 4 _uhttp://bdh-rd.bne.es/viewer.vm?id=0000255904&page=1
_yVersión en línea
_z(Biblioteca Digital Hispánica)
942 _2udc
_cMONOGRAFIA
_n0
999 _c172959
_d172959